LEADER 01079nam0-2200385---450- 001 990009158700403321 005 20120503122412.0 010 $a978-88-420-8239-2 035 $a000915870 035 $aFED01000915870 035 $a(Aleph)000915870FED01 035 $a000915870 100 $a20100311d2009----km-y0itay50------ba 101 0 $aita 102 $aIT 105 $ay-------001yy 200 1 $a<>media digitali$etecnologie, linguaggi, usi sociali$fEnrico Menduni 205 $a2. ed. 210 $aRoma ; Bari$cLaterza$d2009 215 $a270 p.$d21 cm 225 1 $aManuali Laterza$v240 610 0 $aTelecomunicazioni 610 0 $aInternet$aDiffusione$aAspetti sociali 676 $a303.4833$v21$zita 676 $a302.231$v22$zita 700 1$aMenduni,$bEnrico$f<1948- >$0126234 801 0$aIT$bUNINA$gRICA$2UNIMARC 901 $aBK 912 $a990009158700403321 952 $aCollez. 1295 (240)$b44238$fFSPBC 952 $a302.231 MEN 1$b5630$fBFS 959 $aFSPBC 959 $aBFS 996 $aMedia digitali$9777873 997 $aUNINA LEADER 00765nam0-22002771i-450- 001 990001609850403321 005 20050202140030.0 035 $a000160985 035 $aFED01000160985 035 $a(Aleph)000160985FED01 035 $a000160985 100 $a20030910d18461849km-y0itay50------ba 101 0 $aita 200 1 $aTrattato di metrologia universale$fDomenico Curcio 210 $aCatania$cTip. Pietro Giuntini$d1846-1849 215 $a2 v.$d22 cm 610 0 $aMetrologia 676 $a389 700 1$aCurcio,$bDomenico$0352872 801 0$aIT$bUNINA$gRICA$2UNIMARC 901 $aBK 912 $a990001609850403321 952 $a60 389 B 1$b17972 17973$fFAGBC 959 $aFAGBC 996 $aTrattato di metrologia universale$9368946 997 $aUNINA LEADER 00867cam0-2200277 --450 001 9910843999603321 005 20240409125819.0 010 $a978-88-97461-16-6 100 $a20240409d2012----kmuy0itay5050 ba 101 0 $aita 102 $aIT 105 $aa 001yy 200 1 $aMary Wollstonecraft tra (auto)biografia e critica sociale$ela sua narrativa e il Ritratto di William Godwin$fGemma Persico 210 $aLugano$cAgorà$d2012 215 $a448 p.$cill.$d24 cm 225 1 $aOttocento e dintorni$v4 610 0 $aWollstonecraft, Mary 676 $a305.42$v23$zita 700 1$aPersico,$bGemma$0612545 801 0$aIT$bUNINA$gREICAT$2UNIMARC 901 $aBK 912 $a9910843999603321 952 $aDONNE 96$b1719/2024$fFSPBC 959 $aFSPBC 996 $aMary Wollstonecraft tra (auto)biografia e critica sociale$91140786 997 $aUNINA